Statistics for Countries That Beat Nigeria

Click here to take the quiz!

General Stats

  • This quiz has been taken 28 times
  • The average score is 8 of 15

Answer Stats

HintRankAnswer% Correct
Highest percentage of cultivated land8India | United States | Russia | China | Brazil | Canada | Australia | Indonesia
71%
Highest importance of religion1 (t)Bangladesh | Ethiopia | Oman | Somalia
63%
Highest central bank interest rate8Argentina | Ghana | Gambia | Iran | Uzbekistan | Angola | Malawi
58%
Most murders5Brazil | India | Mexico | South Africa
58%
Lowest life expectancy4Central African Republic | Lesotho | Chad
58%
Highest percentage of permanent crops4Indonesia | China | India
58%
Highest birth rate9Niger | Mali | Chad | Angola | Uganda | Burundi | Democratic Republic of the Congo | Somalia
58%
Most populous7China | India | United States | Indonesia | Pakistan | Brazil
54%
Highest infant mortality rate2Somalia
54%
Most Muslims5Indonesia | Pakistan | India | Bangladesh
50%
Most Facebook users in Africa2Egypt
46%
Largest oil exporter8Saudi Arabia | Russia | Iraq | United States | Canada | United Arab Emirates | Kuwait
46%
Highest impact of terrorism3Afghanistan | Iraq
42%
Largest peanut producer4China | India | United States
33%
First capital in alphabetical order3Ivory Coast | United Arab Emirates
33%

Score Distribution

Percentile by Number Answered

Percent of People with Each Score

Your Score History

You have not taken this quiz